| 000 | 00816nam a2200169Ia 4500 | ||
|---|---|---|---|
| 008 | 100122s9999 xx 000 0 und d | ||
| 082 |
_b50306 _a923.854 |
||
| 100 | _aपारखे मल्हार स | ||
| 245 | _aकहाणी एका उद्योजकाची : उत्कर्षाची आणि अपकर्षाची | ||
| 260 | _c2002 | ||
| 300 | _a344 | ||
| 520 | _aम.स./बाबुराव पारखे | ||
| 620 | _aम.स./बाबुराव पारखे | ||
| 630 | _aकहाणी एका उद्योजकाची : उत्कर्षाची आणि अपकर्षाची | ||
| 730 | _aकहाणी एका उद्योजकाची : उत्कर्षाची आणि अपकर्षाची | ||
| 942 | _cBOOK | ||
| 999 |
_c428049 _d428046 |
||